Principles of event management : as per new CBCS syllabus, 4th sem Bcom Bangalore university (Record no. 277433)
[ view plain ]
| 000 -LEADER | |
|---|---|
| fixed length control field | 00510nam a2200169Ia 4500 |
| 005 - DATE AND TIME OF LATEST TRANSACTION | |
| control field | 20241029092458.0 |
| 008 - FIXED-LENGTH DATA ELEMENTS--GENERAL INFORMATION | |
| fixed length control field | 240126s9999 xx 000 0 und d |
| 020 ## - INTERNATIONAL STANDARD BOOK NUMBER | |
| International Standard Book Number | 9789384494476 |
| 082 ## - DEWEY DECIMAL CLASSIFICATION NUMBER | |
| Classification number | 394.2 SRI;1 R |
| 100 ## - MAIN ENTRY--PERSONAL NAME | |
| Personal name | Srikanth, S. Asif, Niha. Shruthi, Prabhakar. |
| 245 #0 - TITLE STATEMENT | |
| Title | Principles of event management : as per new CBCS syllabus, 4th sem Bcom Bangalore university |
| 250 ## - EDITION STATEMENT | |
| Edition statement | 1st ed. |
| 260 ## - PUBLICATION, DISTRIBUTION, ETC. (IMPRINT) | |
| Name of publisher, distributor, etc. | Skyward Pub. |
| Place of publication, distribution, etc. | Bangalore |
| Date of publication, distribution, etc. | 2016 |
| 300 ## - PHYSICAL DESCRIPTION | |
| Extent | xii, 5.30+C5 |
| 440 ## - SERIES STATEMENT/ADDED ENTRY--TITLE | |
| Title | NULL |
| 942 ## - ADDED ENTRY ELEMENTS (KOHA) | |
| Koha item type | PESU Books |
| Date last seen | Total Checkouts | Full call number | Accession number | Old discount | Volume/Issue Number | Cost, replacement price | Price effective from | Category | Lost status | Damaged status | Department | Withdrawn status | bill no. | Permanent Location | Current Location | Shelving location | Entry date | Vendor | Cost, normal purchase price | Grants | Currency symbol | Conversion rate | Discount | Discount type |
|---|---|---|---|---|---|---|---|---|---|---|---|---|---|---|---|---|---|---|---|---|---|---|---|---|
| 26/01/2024 | 394.2 SRI;1 R | PU4565 | 10 | (08/07/1905) | 162.00 | 26/01/2024 | PESU Books | HEM | SBH/CSB/000744 | Central Library | Central Library | HM | 11/02/2016 | Sapna Book House | 180.00 | HM | RS | 1 | 18 | Rupees |
